Support of Circular Economy

Na minha lista:
Detalhes bibliográficos
Autor principal: Vrátny, Štefan
Outros Autores: Kopkáš, Peter
Formato: Capítulo de Livro
Idioma:inglês
Tags: Adicionar Tag
Sem tags, seja o primeiro a adicionar uma tag!

MARC

LEADER 00000naa$a2200000$$$4500
001 0253439
005 20240502074047.7
041 0 |a eng 
044 |a SK 
245 1 0 |a Support of Circular Economy  |c Štefan Vrátny, Peter Kopkáš 
500 |a Prezentácia 
100 1 |a Vrátny, Štefan 
700 1 |a Kopkáš, Peter